000 01249nam a2200373 i 4500
001 8922
003 KOSZ 005
005 20210428091159.0
008 071222s1968 pl a f 000 0 pol
015 _aPB 1968/5194
040 _aWA N
_cWA N
_dKOSZ 005/RW
_dKOSZ 005/HR
046 _k1968
080 _a628.5
080 _a534.8
080 _a331.45
100 1 _aPuzyna, Czesław
_d(1920-2003)
_eAutor
245 1 0 _aZagadnienia akustyczne w zakładach przemysłowych /
_cCzesław Puzyna.
260 _aWarszawa :
_bWydawnictwo Związkowe Centralnej Rady Związków Zawodowych,
_c1968.
300 _a336 stron :
_bilustracje ;
_c23 cm.
336 _aTekst
_btxt
_2rdacontent
337 _aBez urządzenia pośredniczącego
_bn
_2rdamedia
338 _aWolumin
_bnc
_2rdacarrier
380 _aKsiążki.
388 _a1901-2000
504 _aBibliografia na stronach 334-336.
658 _aInżynieria i technika
650 4 _aZwalczanie
650 4 _aPrzemysł
650 4 _aHałas
650 4 _aBHP
710 2 _aWydawnictwo Związkowe CRZZ
_4pbl.
856 _uhttp://koha.tu.koszalin.pl/cgi-bin/koha/opac-detail.pl?biblionumber=8922
_yKatalog online BPK
942 _2UKD
_cKS
999 _c8922
_d8922